The intimate enemy : (Record no. 5597)
[ view plain ]
| 000 -LEADER | |
|---|---|
| fixed length control field | 00873cam a2200229 4500 |
| 001 - CONTROL NUMBER | |
| control field | 6647 |
| 020 ## - INTERNATIONAL STANDARD BOOK NUMBER | |
| International Standard Book Number | 0198062176 (pbk.) |
| International Standard Book Number | 9780198062172 (pbk.) |
| 100 1# - MAIN ENTRY--PERSONAL NAME | |
| Personal name | Nandy, Ashis. |
| 245 14 - TITLE STATEMENT | |
| Title | The intimate enemy : |
| Remainder of title | loss and recovery of self under colonialism / |
| Statement of responsibility, etc. | by Ashis Nandy. |
| 250 ## - EDITION STATEMENT | |
| Edition statement | 2nd ed. |
| 260 ## - PUBLICATION, DISTRIBUTION, ETC. | |
| Place of publication, distribution, etc. | New Delhi ; |
| Name of publisher, distributor, etc. | Oxford University Press, |
| Date of publication, distribution, etc. | 2009. |
| 300 ## - PHYSICAL DESCRIPTION | |
| Extent | xx, 132 p. ; |
| Dimensions | 22 cm. |
| 500 ## - GENERAL NOTE | |
| General note | Includes index. |
| General note | Previous ed.: 1983. |
| 504 ## - BIBLIOGRAPHY, ETC. NOTE | |
| Bibliography, etc. note | Includes bibliographical references and index. |
| 505 ## - FORMATTED CONTENTS NOTE | |
| Formatted contents note | CONTENTS: Psychology of colonialism: sex, age and ideology in British India -- Uncolonized mind: a post-colonial view of India and the west. |
| Miscellaneous information | |
| Statement of responsibility | |
| Title | |
| 650 #0 - SUBJECT ADDED ENTRY--TOPICAL TERM | |
| Topical term or geographic name entry element | Imperialism. |
| 651 #0 - SUBJECT ADDED ENTRY--GEOGRAPHIC NAME | |
| Geographic name | India |
| General subdivision | Civilization |
| Chronological subdivision | 1765-1947. |
| Geographic name | India |
| General subdivision | Colonial influence. |
| Geographic name | India |
| General subdivision | History |
| Chronological subdivision | British occupation, 1765-1947. |
| Withdrawn status | Lost status | Source of classification or shelving scheme | Damaged status | Not for loan | Collection code | Home library | Current library | Shelving location | Date acquired | Serial Enumeration / chronology | Inventory number | Total Checkouts | Full call number | Barcode | Date last seen | Date last checked out | Price effective from | Koha item type |
|---|---|---|---|---|---|---|---|---|---|---|---|---|---|---|---|---|---|---|
| Dewey Decimal Classification | Main TEST | RTC Library | RTC Library | Main opac | 27/11/2018 | 10445 | 1 | 325.3 NAN | 30011153 | 30/09/2021 | 15/09/2021 | 27/11/2018 | Main |